000 00542nam a2200181Ia 4500
005 20250508150233.0
008 008 250505s9999 xx 000 0 eng d
037 _aTextual
040 _aFEDL
_beng
_cFEDL
041 _aeng
_2eng
084 _a511.07, YEL
_qFEDL
100 _aYeldham Florence A
_9756212
245 0 _aTeaching of arithmetic through four hundred years (1535-1935)
260 _aLondon, UK
_bGeorge G Harrap and Co Ltd.
_c1936
300 _a143p
942 _cTEXL
_h511.07, YEL
999 _c1322565
_d1322565